000 00459nam a2200157Ia 4500
005 20260121165313.0
008 260121s9999 xx 000 0 und d
041 _amar
082 _a920.72
100 _aमांडके, शशिकांत
245 _aशौर्याभास्कर नेताजी
250 _a1
260 _bभारतीय विचार साधना पुणे
_c2023
300 _a112
650 _aGenral
999 _c370002
_d370002